00514nam a2200169Ia 4500003000900000008004100009040001600050080001500066100002600081245006900107260004600176300000900222490004800231650001700279650002700296650002100323IN-BaIIA211028s9999 xx 000 0 eng d cIIA Library a686.4bSCO aScott-Mitchell, Fredk 0aPractical gilding, bronzing and laqueringcFredk Scott-Mitchell aLondonbThe Trade Papers Publishingc1905 a183p aThe decorator deries of practical handbooks aBook Binding aHandbooks-Book Binding aOthers Thesaurus